| 000 | 00487cam a2200181ua 4500 | ||
|---|---|---|---|
| 001 | 10932 | ||
| 008 | 190702n ii |||gr||||Z||||||eng | ||
| 040 | _cMAIN | ||
| 041 | _aeng | ||
| 082 | _a320.954 | ||
| 100 |
_aA Dharanidharan, _eAuthor. |
||
| 245 |
_aConstitutional government and democracy in India _cBy A Dharanidharan |
||
| 260 |
_aDibrugarh: _bMahaveer publications. |
||
| 300 | _a268p. | ||
| 653 | _aPolitical science | ||
| 653 | _aIndian government and politics | ||
| 942 | _cBK | ||
| 999 |
_c9880 _d9880 |
||